La reforma laboral en la ley 27.742 y su reglamentación /
Guardado en:
| Autor Principal: | |
|---|---|
| Formato: | Libro |
| Idioma: | Undetermined |
| Publicado: |
Santa Fe :
Rubinzal Culzoni,
2024.
|
| Edición: | 1a. ed. |
| Materias: | |
| Etiquetas: |
Agregar Etiqueta
Sin Etiquetas, Sea el primero en etiquetar este registro!
|
| LEADER | 00549nam a22001695a 4500 | ||
|---|---|---|---|
| 001 | DER.der015171 | ||
| 008 | 250421s2024####xx############000#0#und#d | ||
| 005 | 20250421153723.0 | ||
| 245 | 1 | 0 | |a La reforma laboral en la ley 27.742 y su reglamentación / |c Mario E. Ackerman. |
| 250 | |a 1a. ed. | ||
| 260 | |a Santa Fe : |b Rubinzal Culzoni, |c 2024. | ||
| 300 | |a 472 p. | ||
| 020 | |a 9789873050640 | ||
| 100 | 1 | |a Ackerman, Mario E. | |
| 650 | 7 | |a DERECHO LABORAL | |
| 859 | |a DERECHO |b BIB. DERECHO |h 344.01 |i ACK |p 0010569 | ||
| 859 | |a DERECHO |b BIB. DERECHO |h 344.01 |i ACK |p 0010570 |t 1 | ||
